书目信息 |
| 题名: |
插花与盆景制作
|
|
| 作者: | 张苏丹 , 胡秀良 主编 | |
| 分册: | ||
| 出版信息: | 北京 中国农业大学出版社 2012.12 |
|
| 页数: | 190页 | |
| 开本: | 26cm | |
| 丛书名: | ||
| 单 册: | ||
| 中图分类: | J525.12 , S688.1 | |
| 科图分类: | ||
| 主题词: | 插花--装饰美术--高等职业教育--教材 , 盆景--观赏园艺--高等职业教育--教材 , 插花 , 装饰美术 , 盆景 , 观赏园艺 | |
| 电子资源: | ||
| ISBN: | 978-7-5655-0646-8 | |
| 000 | 01075nam0 2200337 450 | |
| 001 | 010050042982 | |
| 005 | 20140609111340.70 | |
| 010 | @a978-7-5655-0646-8@dCNY22.00 | |
| 100 | @a20130325d2012 em y0chiy50 ea | |
| 101 | 0 | @achi |
| 102 | @aCN@b110000 | |
| 105 | @aak z 000yy | |
| 106 | @ar | |
| 200 | 1 | @a插花与盆景制作@9cha hua yu pen jing zhi zuo@f张苏丹,胡秀良主编 |
| 210 | @a北京@c中国农业大学出版社@d2012.12 | |
| 215 | @a190页@c图@d26cm | |
| 300 | @a国家示范骨干高职院校重点建设专业系列教材 | |
| 330 | @a本书是高职高专园林专业一体化教材,分为插花制作与盆景制作两部分内容。系统介绍了插花技艺的基本原理、不同风格的插花作品的造型技艺等。 | |
| 333 | @a高职 | |
| 606 | 0 | @a插花@x装饰美术@x高等职业教育@j教材 |
| 606 | 0 | @a盆景@x观赏园艺@x高等职业教育@j教材 |
| 606 | 0 | @a插花 |
| 606 | 0 | @a装饰美术 |
| 606 | 0 | @a盆景 |
| 606 | 0 | @a观赏园艺 |
| 690 | @aJ525.12@v5 | |
| 690 | @aS688.1@v5 | |
| 701 | 0 | @a张苏丹@9zhang su dan@4主编 |
| 701 | 0 | @a胡秀良@9hu xiu liang@4主编 |
| 801 | 0 | @aCN@b人天书店@c20130325 |
| 905 | @b548145-48@dJ525.12@e343@f4 | |
| 插花与盆景制作/张苏丹,胡秀良主编.-北京:中国农业大学出版社,2012.12 |
| 190页:图;26cm |
| 国家示范骨干高职院校重点建设专业系列教材.-使用对象:高职 |
| ISBN 978-7-5655-0646-8:CNY22.00 |
| 本书是高职高专园林专业一体化教材,分为插花制作与盆景制作两部分内容。系统介绍了插花技艺的基本原理、不同风格的插花作品的造型技艺等。 |
| ● |
| 相关链接 |
|
|
|
|
正题名:插花与盆景制作
索取号:J525.12/343
 
预约/预借
| 序号 | 登录号 | 条形码 | 馆藏地/架位号 | 状态 | 备注 |
| 1 | 548145 | 205481450 | 第一样本阅览室/ [索取号:J525.12/343] | 在馆 | |
| 2 | 548146 | 205481469 | 美术系资料室/ [索取号:J525.12/343] | 在馆 | |
| 3 | 548147 | 205481478 | 第一借阅区/ [索取号:J525.12/343] | 在馆 | |
| 4 | 548148 | 205481487 | 第一借阅区/ [索取号:J525.12/343] | 在馆 |